000 00768nam a22002417a 4500
001 BR7602742
003 BR-BrBNA
005 20230928084957.0
007 ta
008 230509b bl.||||| |||| 00| 0 por d
040 _aBR-BrBNA
_bpor
_cBiblioteca Nacional de Agricultura
041 _a(Por)
072 _aD10
_b/G514
090 _ D10 BR7602742
110 1 _aEmpresa Brasileira de Pesquisa Agropecuaria, Brasilia, DF
_93834
245 1 _aUnidade de Execucao de Pesquisa de Ambito Territorial - UEPAT de Macapa, Criada pela deliberacao no. 015/76 de 12.07.76 [Amapa; Brasil]
260 3 _aBrasilia, DF (Brasil):
_c1976.
300 _a8 p.
650 _aAdministracao
650 _aInstituicao agricola
909 _a202309
_bLucia
_c55
_dLucia Elande
942 _cBK
999 _c22215
_d22215